000 01379nam a22003617a 4500
003 CHAP
005 20220329143316.0
008 080428d2003 uk abd r 00110 eng d
010 _a94756
011 _a95728
020 _a1842651358
035 _a106358
040 _cCHAP
082 0 4 _a631.34
_bT5
100 1 _aTiwari, G.N.
_9113440
245 1 0 _aGreenhouse technology for controlled environment
_c/por G.N. Tiwari
260 _aPangbourne, U.K. :
_bAlpha Science International,
_cc2003
300 _axix, 544 p. :
_bilus. ; mapa ; gráfs. ; tablas
590 _aBATCH-UPD
_b10
_c20130110
_lUCH01
_h0538
590 _aBATCH-UPD
_b10
_c20130410
_lUCH01
_h0219
590 _aBATCH-UPD
_b10
_c20130914
_lUCH01
_h1123
590 _aCONVERSION
_b10
_c20130109
_lUCH01
_h1352
650 1 4 _aAgricultura
_xInnovaciones tecnológicas.
_91565
650 1 4 _aCultivos en invernadero.
_930376
650 1 4 _aCultivos
_xEfecto del medio ambiente.
_930258
650 1 4 _aInvernaderos.
_960172
650 1 4 _aPlantas
_xEfecto del medio ambiente.
_988821
901 _aBK
942 _cLIBRO
949 _a631.34 T5
_bBC
_cLIBRO
_d33724002055248
_eLIBRO
_gI.236311
_h109471
_i106358
_si
_t$1950.00
949 _a631.34 T5
_bBC
_cLIBRO
_d33724002076157
_eLIBRO
_fc.2
_gI.240606
_h110071
_i106358
_si
_t$1550.00
949 _a631.34 T5
_bBC
_cLIBRO
_d33724002076355
_eLIBRO
_fc.3
_gI.240605
_h110072
_i106358
_si
_t$1550.00
999 _c94756
_d94756